000 01117nam a2200277Ia 4500
003 OSt
005 20221005102801.0
006 a|||||r|||| 00| 0
007 ta
008 221004b |||||||| |||| 00| 0 hin d
020 _a9788189407209 (hbk)
_cIndian Rupees 190
024 _a39054
037 _bGift, 04/09/2018,
_cTextual
040 _aCRL
_cCRL
_bhin
041 _2hin
_ahin
082 _aV2:51y7N, 152Q3
100 _aआर्या, मन्जू, ले.
245 0 _aस्वतंत्रता संग्राम के शहीदों की गौरव गाथा
246 _aSvatantratā sangrām ke shahīdoan kī gaurav gāthā
260 _aंदिल्ली
_bहिन्दी विश्व भारती भारत
_c2013
300 _a143पृ0
_ccm.
650 _a भारतीय स्वतंत्रता सेनानी
_9156352
650 _aभारत-इतिहास
_9156353
942 _hV2:51y7N, 152Q3
_cTEXL
_2cc
999 _c1008951
_d1008951